[Event "CZE-chT2E 1920"]
[Site "Czech Republic"]
[Date "2019.12.01"]
[Round "4.5"]
[White "Pise, Jan"]
[Black "Messerschmidt, Stanislav"]
[Result "1/2-1/2"]
[WhiteElo "2030"]
[BlackElo "2015"]
[PlyCount "118"]
[EventDate "2019.10.13"]
[EventType "team-tourn"]
[EventRounds "11"]
[EventCountry "CZE"]
[SourceTitle "EXT 2024"]
[Source "ChessBase"]
[SourceDate "2023.10.10"]
[SourceVersion "1"]
[SourceVersionDate "2023.10.10"]
[SourceQuality "1"]
[WhiteTeam "Adamov"]
[BlackTeam "Orechov Orel"]
[WhiteTeamCountry "CZE"]
[BlackTeamCountry "CZE"]

1. d4 g6 2. Bg5 c6 3. c3 d5 4. e3 Bg7 5. Bd3 Nf6 6. Nd2 Qb6 7. Rb1 Bg4 8. f3 Bf5 9. e4 dxe4 10. fxe4 Bg4 11. Ngf3 Nbd7 12. 0-0 h6 13. Be3 Be6 14. b3 Ng4 15. Bf2 Nxf2 16. Rxf2 Nf6 17. Qc2 Ng4 18. Re2 0-0-0 19. h3 Ne5 20. Nxe5 Bxe5 21. Nc4 Bxd4+ 22. Kh1 Bxc4 23. bxc4 Qc5 24. cxd4 Qxd4 25. Rb3 Qa1+ 26. Qb1 Qxb1+ 27. Bxb1 Rd1+ 28. Kh2 Rhd8 29. e5 e6 30. Reb2 R8d7 31. Be4 Rc7 32. Kg3 Rd4 33. Bd3 Rcd7 34. Be2 Re4 35. Kf3 Rxe5 36. Kf4 Rc5 37. g4 b6 38. Ke3 Kd8 39. Rd3 Ra5 40. Rbd2 Rxd3+ 41. Bxd3 Ke7 42. Kd4 h5 43. Be2 hxg4 44. hxg4 Kf6 45. Bf3 c5+ 46. Ke4 Ra4 47. Be2 Ra3 48. Bd3 Kg5 49. Rg2 f6 50. Ke3 b5 51. Rc2 bxc4 52. Rxc4 Rxa2 53. Rxc5+ Kxg4 54. Bxg6 f5 55. Bf7 Ra3+ 56. Ke2 Ra6 57. Re5 Kf4 58. Rxe6 Rxe6+ 59. Bxe6 Ke4 1/2-1/2

[Event "CZE-chT2E 1617"]
[Site "Czech Republic"]
[Date "2017.03.19"]
[Round "10.6"]
[White "Sojka, Ales"]
[Black "Pise, Jan"]
[Result "1/2-1/2"]
[WhiteElo "2149"]
[BlackElo "2021"]
[PlyCount "113"]
[EventDate "2016.09.10"]
[EventType "team-tourn"]
[EventRounds "11"]
[EventCountry "CZE"]
[SourceTitle "EXT 2022"]
[Source "ChessBase"]
[SourceDate "2021.10.06"]
[SourceVersion "1"]
[SourceVersionDate "2021.10.06"]
[SourceQuality "1"]
[WhiteTeam "Kromeriz Slavia II"]
[BlackTeam "Adamov"]
[WhiteTeamCountry "CZE"]
[BlackTeamCountry "CZE"]

1. e4 c6 2. d4 d5 3. exd5 cxd5 4. c3 Nf6 5. Nf3 Nc6 6. Bf4 Bg4 7. Qb3 Na5 8. Qa4+ Bd7 9. Qc2 Rc8 10. Ne5 Nc6 11. Nxc6 Bxc6 12. Bd3 e6 13. 0-0 Bd6 14. Bxd6 Qxd6 15. Qe2 0-0 16. Nd2 a6 17. a4 Rfe8 18. f4 Nd7 19. Rf3 Nf8 20. a5 f6 21. Re1 Re7 22. g3 Be8 23. Re3 g6 24. Nf3 Bf7 25. Bb1 Qd8 26. Nh4 Qxa5 27. f5 Rce8 28. fxg6 hxg6 29. Qf3 Kg7 30. Rf1 f5 31. Rfe1 Qc7 32. g4 Qd8 33. Qe2 Rc7 34. Ng2 Rce7 35. gxf5 gxf5 36. Bxf5 Bg6 37. Bxg6 Nxg6 38. Rg3 Rf7 39. h4 Kh6 40. h5 Nf8 41. Rf1 Qe7 42. Ne3 Rg7 43. Ng4+ Kh7 44. Qe3 Kh8 45. Nf6 Rc8 46. h6 Rxg3+ 47. Qxg3 Nh7 48. Qe5 Nxf6 49. Qxf6+ Qxf6 50. Rxf6 Rc6 51. Rf7 b5 52. Rb7 e5 53. dxe5 Re6 54. Kf2 Rxe5 55. Rb6 Re4 56. Rxa6 d4 57. Rd6 1/2-1/2

[Event "CZE-chT2E 1617"]
[Site "Czech Republic"]
[Date "2016.10.09"]
[Round "1.6"]
[White "Pise, Jan"]
[Black "Hajek, Oskar"]
[Result "0-1"]
[WhiteElo "2021"]
[BlackElo "2133"]
[PlyCount "90"]
[EventDate "2016.09.10"]
[EventType "team-tourn"]
[EventRounds "11"]
[EventCountry "CZE"]
[SourceTitle "EXT 2022"]
[Source "ChessBase"]
[SourceDate "2021.10.06"]
[SourceVersion "1"]
[SourceVersionDate "2021.10.06"]
[SourceQuality "1"]
[WhiteTeam "Adamov"]
[BlackTeam "Brno Lokomotiva II"]
[WhiteTeamCountry "CZE"]
[BlackTeamCountry "CZE"]

1. d4 e6 2. c3 c5 3. e3 Nf6 4. Bd3 Nc6 5. Nf3 d5 6. Nbd2 Bd6 7. 0-0 0-0 8. dxc5 Bxc5 9. e4 e5 10. exd5 Qxd5 11. Qc2 Bg4 12. Re1 Rfe8 13. Bc4 Qd8 14. Ng5 Bh5 15. Nde4 Nxe4 16. Nxe4 Be7 17. Be3 Bg6 18. f3 Kh8 19. Bf2 Rc8 20. Qe2 f5 21. Ng3 Bf6 22. Bb5 Qa5 23. a3 e4 24. Bxc6 Rxc6 25. Be3 Bf7 26. fxe4 fxe4 27. Rad1 Bc4 28. Qh5 Re5 29. Qg4 Bd3 30. Bd4 Rg5 31. Qd7 Bxd4+ 32. Qxd4 Rd5 33. Qf2 Rf6 34. Qe3 Qa4 35. Nxe4 Bxe4 36. b3 Qd7 37. Rc1 Bg6 38. Qxa7 h6 39. h3 Rd2 40. Re3 Rff2 41. Rg3 Be4 42. Qb8+ Kh7 43. Qe5 Rxg2+ 44. Rxg2 Rxg2+ 45. Kf1 Qd3+ 0-1

[Event "CZE-chT2E 1213"]
[Site "Czech Republic"]
[Date "2013.02.17"]
[Round "9.6"]
[White "Donnert, Milan"]
[Black "Pise, Jan"]
[Result "1/2-1/2"]
[WhiteElo "2144"]
[BlackElo "2077"]
[PlyCount "21"]
[EventDate "2012.10.14"]
[EventType "team-tourn"]
[EventRounds "11"]
[EventCountry "CZE"]
[SourceTitle "EXT 2016"]
[Source "ChessBase"]
[SourceDate "2015.10.08"]
[SourceVersion "1"]
[SourceVersionDate "2015.10.08"]
[SourceQuality "1"]
[WhiteTeam "Brno Duras II"]
[BlackTeam "Adamov"]
[WhiteTeamCountry "CZE"]
[BlackTeamCountry "CZE"]

1. e4 c6 2. d4 d5 3. Nc3 dxe4 4. Nxe4 Bf5 5. Ng3 Bg6 6. Nf3 e6 7. Bd3 Nd7 8. 0-0 Ngf6 9. Re1 Be7 10. c3 0-0 11. Bxg6 1/2-1/2

[Event "CZE-chT2E 1112"]
[Site "Czech Republic"]
[Date "2012.03.25"]
[Round "10.6"]
[White "Bacak, Petr Jr"]
[Black "Pise, Jan"]
[Result "0-1"]
[WhiteElo "2015"]
[BlackElo "2051"]
[PlyCount "108"]
[EventDate "2011.10.09"]
[EventType "team-tourn"]
[EventRounds "11"]
[EventCountry "CZE"]
[SourceTitle "EXT 2013"]
[Source "ChessBase"]
[SourceDate "2012.11.22"]
[SourceVersion "1"]
[SourceVersionDate "2012.11.22"]
[SourceQuality "1"]
[WhiteTeam "Kromeriz II"]
[BlackTeam "Adamov"]
[WhiteTeamCountry "CZE"]
[BlackTeamCountry "CZE"]

1. e4 c6 2. d4 d5 3. e5 Bf5 4. Nc3 e6 5. g4 Bg6 6. Nge2 Ne7 7. Nf4 Nd7 8. Be3 a6 9. h4 h6 10. Nxg6 Nxg6 11. h5 Ne7 12. f4 c5 13. Ne2 Nc6 14. c3 Be7 15. Bg2 Bh4+ 16. Kf1 Be7 17. Bf3 0-0 18. Kg2 cxd4 19. cxd4 Qb6 20. Qd2 Qa5 21. Nc3 Rfc8 22. f5 Qd8 23. fxe6 fxe6 24. Ne2 Nf8 25. Nf4 Bg5 26. Rad1 Qa5 27. a3 Qd8 28. Rhf1 Na5 29. Be2 Nc4 30. Bxc4 Rxc4 31. b3 Rc7 32. Rc1 Rac8 33. Kg3 Qe7 34. Qb2 Qd7 35. Bd2 Qb5 36. Rf3 Qb6 37. Be3 a5 38. a4 Rxc1 39. Bxc1 Rc4 40. Qa3 Rc8 41. Be3 Qc7 42. Bd2 Be7 43. Qb2 Qb6 44. Ne2 Bb4 45. Bxb4 Qxb4 46. Rc3 Re8 47. Qd2 Nh7 48. Rc2 Qxb3+ 49. Kg2 Ng5 50. Qc3 Qxa4 51. Nf4 Ne4 52. Qc7 Qb3 53. Ne2 Rf8 54. Nc3 Qxc2+ 0-1

[Event "CZE-chT2E 1112"]
[Site "Czech Republic"]
[Date "2012.02.19"]
[Round "8.6"]
[White "Dolezel, Jaromir"]
[Black "Pise, Jan"]
[Result "1-0"]
[WhiteElo "2083"]
[BlackElo "2051"]
[PlyCount "71"]
[EventDate "2011.10.09"]
[EventType "team-tourn"]
[EventRounds "11"]
[EventCountry "CZE"]
[SourceTitle "EXT 2013"]
[Source "ChessBase"]
[SourceDate "2012.11.22"]
[SourceVersion "1"]
[SourceVersionDate "2012.11.22"]
[SourceQuality "1"]
[WhiteTeam "Sumperk"]
[BlackTeam "Adamov"]
[WhiteTeamCountry "CZE"]
[BlackTeamCountry "CZE"]

1. e4 c6 2. d4 d5 3. Nd2 Nf6 4. e5 Ng8 5. Bd3 Qb6 6. c3 a5 7. Ne2 Bg4 8. 0-0 e6 9. f4 Ne7 10. Nf3 Nd7 11. h3 Bxf3 12. Rxf3 g6 13. Qc2 Bg7 14. Be3 0-0 15. g4 f5 16. Ng3 Qc7 17. gxf5 exf5 18. Kg2 Rfc8 19. h4 Nf8 20. h5 Ne6 21. hxg6 hxg6 22. Rh1 Rf8 23. Ne2 Rf7 24. Ng1 b6 25. Nh3 c5 26. Ng5 Nxg5 27. fxg5 Rc8 28. e6 Rff8 29. Bf4 Qc6 30. Qe2 c4 31. Bc2 b5 32. Be5 Qxe6 33. Re3 f4 34. Bxf4 Qc6 35. Rxe7 Rxf4 36. Rxg7+ 1-0

[Event "CZE-chT2E 1112"]
[Site "Czech Republic"]
[Date "2011.11.06"]
[Round "2.6"]
[White "Pise, Jan"]
[Black "Krmela, Ales"]
[Result "1-0"]
[WhiteElo "2051"]
[BlackElo "2055"]
[PlyCount "61"]
[EventDate "2011.10.09"]
[EventType "team-tourn"]
[EventRounds "11"]
[EventCountry "CZE"]
[SourceTitle "EXT 2013"]
[Source "ChessBase"]
[SourceDate "2012.11.22"]
[SourceVersion "1"]
[SourceVersionDate "2012.11.22"]
[SourceQuality "1"]
[WhiteTeam "Adamov"]
[BlackTeam "Hostalkova"]
[WhiteTeamCountry "CZE"]
[BlackTeamCountry "CZE"]

1. d4 d5 2. Bg5 Nf6 3. e3 e6 4. Bd3 Be7 5. Nd2 Nbd7 6. f4 c5 7. c3 b6 8. Qe2 Bb7 9. Ngf3 Rc8 10. Ne5 c4 11. Bc2 b5 12. 0-0 Qc7 13. a3 g6 14. Rae1 a5 15. Qf3 Ne4 16. Nxe4 dxe4 17. Bxe4 Bxe4 18. Qxe4 Nxe5 19. Bxe7 Nd3 20. Bf6 Rg8 21. Re2 a4 22. Qf3 Qc6 23. e4 Kd7 24. Qh3 h5 25. d5 Qd6 26. Be5 Qb6+ 27. Bd4 Qd6 28. dxe6+ Qxe6 29. f5 gxf5 30. Rxf5 Rg4 31. Qxh5 1-0

[Event "CZE-chT2E 1011"]
[Site "Czech Republic"]
[Date "2011.01.09"]
[Round "5.6"]
[White "Pise, Jan"]
[Black "Studeny, Radovan"]
[Result "0-1"]
[WhiteElo "2087"]
[BlackElo "2095"]
[PlyCount "106"]
[EventDate "2010.10.17"]
[EventType "team-tourn"]
[EventRounds "11"]
[EventCountry "CZE"]
[SourceTitle "EXT 2012"]
[Source "ChessBase"]
[SourceDate "2011.11.24"]
[SourceVersion "1"]
[SourceVersionDate "2011.11.24"]
[SourceQuality "1"]
[WhiteTeam "Adamov"]
[BlackTeam "Stare Mesto II"]
[WhiteTeamCountry "CZE"]
[BlackTeamCountry "CZE"]

1. d4 d5 2. Bg5 Nd7 3. e3 f6 4. Bh4 e5 5. c3 Ne7 6. Nd2 Nf5 7. Bg3 g6 8. Ne2 c6 9. h3 Nxg3 10. Nxg3 Bd6 11. Ne2 Nb6 12. a3 Be6 13. Nc1 0-0 14. Bd3 e4 15. Be2 f5 16. b3 f4 17. Nf1 Qf6 18. exf4 Bxf4 19. Ne3 Bxe3 20. fxe3 Qf2+ 21. Kd2 Qxg2 22. h4 Rf2 23. h5 Qg5 24. hxg6 hxg6 25. Rg1 Rg2 26. Rxg2 Qxg2 27. Qf1 Qxf1 28. Bxf1 Rf8 29. Be2 Rf2 30. Na2 Bg4 31. Re1 Rxe2+ 32. Rxe2 Bxe2 33. Kxe2 a5 34. a4 Kf7 35. Kf2 Ke6 36. Kg3 Kf5 37. Nc1 Nd7 38. Ne2 b5 39. Nc1 Nb6 40. Kh4 bxa4 41. bxa4 Nxa4 42. Nb3 Nxc3 43. Nxa5 Nd1 44. Nxc6 Nxe3 45. Ne7+ Kf6 46. Nc6 g5+ 47. Kg3 Nf5+ 48. Kg4 e3 49. Kf3 g4+ 50. Kg2 Nh4+ 51. Kf1 g3 52. Nb4 g2+ 53. Kg1 e2 0-1

[Event "Rychnov op"]
[Site "Rychnov nad Kneznou"]
[Date "2010.08.28"]
[Round "6"]
[White "Mesiarik, Rudolf"]
[Black "Pise, Jan"]
[Result "1-0"]
[WhiteElo "2173"]
[BlackElo "2079"]
[PlyCount "97"]
[EventDate "2010.08.23"]
[EventType "swiss"]
[EventRounds "7"]
[EventCountry "CZE"]
[SourceTitle "CBM 138 Extra"]
[Source "ChessBase"]
[SourceDate "2010.10.29"]
[SourceVersion "1"]
[SourceVersionDate "2010.10.29"]
[SourceQuality "1"]

1. Nf3 d5 2. c4 c6 3. d4 Nf6 4. Nc3 dxc4 5. e4 Bg4 6. Bxc4 e6 7. a3 Be7 8. Be2 Nbd7 9. Be3 0-0 10. 0-0 Bh5 11. h3 Re8 12. b4 a6 13. Qc2 Bg6 14. Bd3 Bf8 15. Ne5 Nxe5 16. dxe5 Nd7 17. f4 f6 18. exf6 gxf6 19. Bc4 Kh8 20. Rad1 Qe7 21. Qb3 b5 22. Bxe6 Qxe6 23. Qxe6 Rxe6 24. Rxd7 Bxe4 25. Bd4 Bg7 26. f5 Ree8 27. Rf4 Bc2 28. Rg4 Bxf5 29. Rgxg7 Bxd7 30. Rxd7 Re6 31. Rf7 Kg8 32. Rxf6 Rxf6 33. Bxf6 a5 34. Ne2 axb4 35. axb4 Kf7 36. Bd4 Ke6 37. Bc5 Ke5 38. Nd4 Kd5 39. Kf2 Ra2+ 40. Kf3 Ra3+ 41. Kf4 Rc3 42. Nf5 Rxc5 43. bxc5 Kxc5 44. Ke4 Kc4 45. Ne3+ Kc3 46. g4 b4 47. g5 b3 48. h4 c5 49. h5 1-0

[Event "Tabor op"]
[Site "Tabor"]
[Date "2005.08.??"]
[Round "?"]
[White "Odehnalova, Andrea"]
[Black "Pise, Jan"]
[Result "0-1"]
[WhiteElo "1573"]
[BlackElo "2044"]
[PlyCount "74"]
[EventDate "2005.07.30"]
[EventType "swiss"]
[EventRounds "9"]
[EventCountry "CZE"]
[SourceTitle "EXT 2006"]
[Source "ChessBase"]
[SourceDate "2005.11.24"]
[SourceVersion "1"]
[SourceVersionDate "2005.11.24"]
[SourceQuality "1"]

1. e4 c6 2. d4 d5 3. e5 Bf5 4. Nc3 e6 5. Bd3 Bg6 6. a3 Nd7 7. Be3 Ne7 8. Nce2 c5 9. c3 Nc6 10. Bxg6 hxg6 11. Nf3 cxd4 12. cxd4 Be7 13. 0-0 0-0 14. Qd2 Na5 15. Qd3 Nc4 16. Bc1 Qb6 17. b3 Na5 18. Rb1 Rac8 19. Nd2 Rc7 20. Bb2 Rfc8 21. Rfc1 Bg5 22. f4 Be7 23. Rxc7 Rxc7 24. Rc1 g5 25. Rxc7 Qxc7 26. g3 gxf4 27. Nxf4 Qb6 28. Kg2 Nc6 29. Nf3 Qa5 30. a4 a6 31. Qe2 Qb6 32. Qd1 Na5 33. Nd2 Bb4 34. Nb1 Nb8 35. Nh5 Bf8 36. Ba3 Qxb3 37. Bxf8 Qxd1 0-1

[Event "Tabor op"]
[Site "Tabor"]
[Date "2005.08.??"]
[Round "4"]
[White "Simak, Pavel"]
[Black "Pise, Jan"]
[Result "1/2-1/2"]
[WhiteElo "2141"]
[BlackElo "2044"]
[PlyCount "108"]
[EventDate "2005.07.30"]
[EventType "swiss"]
[EventRounds "9"]
[EventCountry "CZE"]
[SourceTitle "EXT 2006"]
[Source "ChessBase"]
[SourceDate "2005.11.24"]
[SourceVersion "1"]
[SourceVersionDate "2005.11.24"]
[SourceQuality "1"]

1. d4 d5 2. c4 c6 3. Nc3 Nf6 4. Nf3 Bf5 5. Qb3 Qb6 6. Qxb6 axb6 7. cxd5 Nxd5 8. Nxd5 cxd5 9. Bd2 Nc6 10. e3 e6 11. Bb5 Bd6 12. 0-0 Kd7 13. Rfc1 h6 14. a3 Rac8 15. Rc3 f6 16. Rac1 Rc7 17. h3 Rhc8 18. Kf1 Kd8 19. Ke2 Na5 20. Rxc7 Rxc7 21. Rxc7 Kxc7 22. Bc3 Nc6 23. g4 Bg6 24. Nh4 Be8 25. Kd2 g5 26. Nf3 Bg6 27. Ne1 h5 28. f3 hxg4 29. hxg4 e5 30. Bd3 e4 31. Bc2 f5 32. gxf5 Bxf5 33. fxe4 dxe4 34. Ke2 Bg3 35. Ng2 Ne7 36. Be1 Bd6 37. Bb4 Bxb4 38. axb4 b5 39. Kf2 Nd5 40. Kg3 Nxb4 41. Bd1 Nd3 42. Bg4 Bg6 43. Be2 Kc6 44. Kg4 Nxb2 45. Kxg5 Bf7 46. Kf5 b4 47. Nf4 b3 48. Kxe4 Na4 49. d5+ Kd6 50. Kd4 b2 51. Bd3 Nc5 52. Bb1 Nb3+ 53. Kc3 Nc5 54. Kxb2 Bxd5 1/2-1/2

[Event "Tabor op"]
[Site "Tabor"]
[Date "2005.??.??"]
[Round "8"]
[White "Pise, Jan"]
[Black "Pravdik, Kamil"]
[Result "1-0"]
[WhiteElo "2044"]
[BlackElo "2044"]
[PlyCount "49"]
[EventDate "2005.07.30"]
[EventType "swiss"]
[EventRounds "9"]
[EventCountry "CZE"]
[SourceTitle "EXT 2006"]
[Source "ChessBase"]
[SourceDate "2005.11.24"]
[SourceVersion "1"]
[SourceVersionDate "2005.11.24"]
[SourceQuality "1"]

1. d4 d5 2. Bg5 c6 3. e3 Qb6 4. b3 h6 5. Bh4 e5 6. c3 exd4 7. exd4 Be7 8. Bg3 Bf5 9. Bd3 Bxd3 10. Qxd3 Nf6 11. Nd2 0-0 12. Ngf3 Nbd7 13. 0-0 Rfe8 14. Rfe1 a5 15. h3 a4 16. Rab1 axb3 17. axb3 Ra2 18. Ne5 Nxe5 19. Bxe5 Rea8 20. Re2 Qd8 21. Rbe1 Ra1 22. Nf1 Rxe1 23. Rxe1 Ra3 24. Qc2 Qb6 25. Bxf6 1-0

[Event "Nachod op 9th"]
[Site "Nachod"]
[Date "2003.??.??"]
[Round "2"]
[White "Pise, Jan"]
[Black "Palla, Rostislav"]
[Result "1-0"]
[WhiteElo "2025"]
[BlackElo "1765"]
[PlyCount "59"]
[EventDate "2003.??.??"]
[EventType "swiss"]
[EventRounds "9"]
[EventCountry "CZE"]
[SourceTitle "EXT 2007"]
[Source "ChessBase"]
[SourceDate "2006.11.23"]
[SourceVersion "1"]
[SourceVersionDate "2006.11.23"]
[SourceQuality "1"]

1. d4 d5 2. Bg5 Nf6 3. e3 Bf5 4. Bd3 Bxd3 5. Qxd3 Nbd7 6. f4 Ne4 7. Bh4 Ndf6 8. Nf3 c6 9. 0-0 Qb6 10. b3 e6 11. c4 Be7 12. Nbd2 Bb4 13. Bxf6 Nxf6 14. f5 exf5 15. Qxf5 0-0 16. a3 Bxd2 17. Nxd2 Rae8 18. Qd3 Re7 19. Rf3 Rfe8 20. Rc1 Qa5 21. b4 Qc7 22. cxd5 Nxd5 23. e4 Nf6 24. e5 Nd5 25. Ne4 h6 26. b5 Qb6 27. Nd6 Rd8 28. bxc6 bxc6 29. Rb1 Qa5 30. Nb7 1-0

[Event "Nachod op 8th"]
[Site "Nachod"]
[Date "2002.??.??"]
[Round "2"]
[White "Borkovec, Milan"]
[Black "Pise, Jan"]
[Result "1-0"]
[WhiteElo "2195"]
[BlackElo "1995"]
[PlyCount "79"]
[EventDate "2002.??.??"]
[EventType "swiss"]
[EventRounds "9"]
[EventCountry "CZE"]
[SourceTitle "EXT 2007"]
[Source "ChessBase"]
[SourceDate "2006.11.23"]
[SourceVersion "1"]
[SourceVersionDate "2006.11.23"]
[SourceQuality "1"]

1. e4 c6 2. d4 d5 3. exd5 cxd5 4. c4 Nf6 5. Nc3 Nc6 6. Bg5 Bg4 7. Qa4 Be6 8. Nf3 a6 9. Ne5 Rc8 10. Bxf6 gxf6 11. Nxc6 Rxc6 12. c5 Bd7 13. Qc2 e5 14. Nxd5 exd4 15. b4 Re6+ 16. Kd1 Bc6 17. Nf4 Re4 18. Nd3 Bh6 19. Be2 Rg8 20. Bf3 Qd7 21. a4 Re6 22. Bxc6 Qxc6 23. f3 Re3 24. Re1 Kd7 25. Rxe3 Bxe3 26. b5 Qd5 27. Rb1 Rc8 28. bxa6 bxa6 29. Rb6 Qh5 30. h3 Qg5 31. a5 Rg8 32. Qa4+ Ke7 33. Rb7+ Kf8 34. Qd7 Qg6 35. Rb8+ Kg7 36. Rxg8+ Kxg8 37. Qc8+ Kg7 38. Qg4 Bg5 39. Qxd4 Bh6 40. c6 1-0

[Event "Nachod op 8th"]
[Site "Nachod"]
[Date "2002.??.??"]
[Round "3"]
[White "Pise, Jan"]
[Black "Kansky, Josef"]
[Result "1/2-1/2"]
[WhiteElo "1995"]
[BlackElo "1780"]
[PlyCount "75"]
[EventDate "2002.??.??"]
[EventType "swiss"]
[EventRounds "9"]
[EventCountry "CZE"]
[SourceTitle "EXT 2007"]
[Source "ChessBase"]
[SourceDate "2006.11.23"]
[SourceVersion "1"]
[SourceVersionDate "2006.11.23"]
[SourceQuality "1"]

1. d4 d5 2. Bg5 c6 3. e3 Bf5 4. Bd3 Bg6 5. f4 Bxd3 6. Qxd3 Nd7 7. Nd2 Ngf6 8. Ngf3 e6 9. 0-0 Be7 10. Ne5 Nxe5 11. fxe5 Nd7 12. Bxe7 Qxe7 13. Rf3 f5 14. exf6 Nxf6 15. e4 0-0 16. Re1 Qc7 17. Ref1 Nd7 18. c3 Rxf3 19. Nxf3 Rf8 20. Re1 Qf4 21. exd5 exd5 22. Qe2 h6 23. Qe6+ Qf7 24. Qd6 Re8 25. Rf1 Qe6 26. Qg3 Qe3+ 27. Kh1 Qd3 28. Re1 Re2 29. h3 Nf6 30. Rxe2 Qxe2 31. Qb8+ Kh7 32. Qxb7 Ne4 33. Qxc6 Ng3+ 34. Kg1 Qe3+ 35. Kh2 Nf1+ 36. Kh1 Ng3+ 37. Kh2 Nf1+ 38. Kh1 1/2-1/2

[Event "Nachod op 7th"]
[Site "Nachod"]
[Date "2001.??.??"]
[Round "7"]
[White "Pise, Jan"]
[Black "Kotyza, Bohumil"]
[Result "1-0"]
[WhiteElo "2005"]
[BlackElo "1855"]
[PlyCount "144"]
[EventDate "2001.??.??"]
[EventType "swiss"]
[EventRounds "9"]
[EventCountry "CZE"]
[SourceTitle "EXT 2007"]
[Source "ChessBase"]
[SourceDate "2006.11.23"]
[SourceVersion "1"]
[SourceVersionDate "2006.11.23"]
[SourceQuality "1"]

1. d4 Nf6 2. Bg5 e6 3. e3 c6 4. c3 Be7 5. Bd3 d5 6. Nd2 Nbd7 7. f4 h6 8. Bh4 0-0 9. Qe2 c5 10. Ngf3 c4 11. Bc2 b5 12. Ne5 Bb7 13. 0-0 Ne4 14. Bxe7 Qxe7 15. Ndf3 Ndf6 16. a3 a5 17. g4 Nh7 18. Qg2 Rfc8 19. g5 hxg5 20. Bxe4 dxe4 21. Nxg5 f6 22. Ng6 Qd7 23. Nxh7 Kxh7 24. Nh4 Qf7 25. Kh1 Rh8 26. f5 Kg8 27. fxe6 Qxe6 28. Rg1 Rh7 29. Raf1 Bc8 30. Nf5 Ra7 31. Qg3 Qc6 32. Qd6 Qe8 33. Qxf6 Bxf5 34. Rxf5 Re7 35. Qg5 Qd7 36. Rgf1 Rh6 37. R1f2 Kh7 38. Rxb5 Ree6 39. Qf5+ Rhg6 40. Rf4 Qe7 41. Qh3+ Rh6 42. Qf1 Reg6 43. Qxc4 Rg5 44. Rxg5 Qxg5 45. Qe2 Rh3 46. Rxe4 Qd5 47. Qg2 Qh5 48. Rg4 Rxe3 49. Qf2 Rh3 50. Rg1 Rf3 51. Qg2 Qf7 52. c4 Rf2 53. Qh3+ Kg8 54. d5 Qf4 55. Re1 Qf8 56. b4 axb4 57. axb4 Qxb4 58. Qe6+ Kh8 59. d6 Qb7+ 60. Qe4 Qb2 61. Qh4+ Kg8 62. c5 Qb7+ 63. Qe4 Qb2 64. Qe8+ Rf8 65. Qe6+ Kh8 66. c6 Qf2 67. Qe3 Qc2 68. Rc1 Qg6 69. d7 Qd6 70. Qe4 Qd2 71. Rg1 Qd6 72. Re1 Qf6 1-0

[Event "Nachod op 7th"]
[Site "Nachod"]
[Date "2001.??.??"]
[Round "5"]
[White "Pise, Jan"]
[Black "Nyvlt, Otto"]
[Result "1-0"]
[WhiteElo "2005"]
[BlackElo "1895"]
[PlyCount "91"]
[EventDate "2001.??.??"]
[EventType "swiss"]
[EventRounds "9"]
[EventCountry "CZE"]
[SourceTitle "EXT 2007"]
[Source "ChessBase"]
[SourceDate "2006.11.23"]
[SourceVersion "1"]
[SourceVersionDate "2006.11.23"]
[SourceQuality "1"]

1. d4 Nf6 2. Bg5 c5 3. e3 Qb6 4. Bxf6 Qxb2 5. dxc5 exf6 6. Nd2 Bxc5 7. Bc4 Nc6 8. Rb1 Qe5 9. Ngf3 Qe7 10. 0-0 0-0 11. Bd5 d6 12. c3 Be6 13. Bb3 Ne5 14. Nd4 d5 15. f4 Bg4 16. Qe1 Nc4 17. Nxc4 dxc4 18. Bxc4 Bb6 19. h3 Rac8 20. Bb3 Bd7 21. Bd5 Rfe8 22. Rf3 Rc5 23. Bxb7 Bf5 24. Nxf5 Rxf5 25. Bc6 Rc8 26. Bb5 Rfc5 27. c4 Qb7 28. Qb4 g5 29. Qa4 Qe4 30. Re1 Rd8 31. fxg5 Rxg5 32. Bc6 Qd3 33. Rxf6 Qc3 34. Ref1 Ra5 35. Qb3 Qe5 36. c5 Bxc5 37. Qxf7+ Kh8 38. Re6 Qg7 39. a4 Rg8 40. Kh1 Ra6 41. Qxg7+ Rxg7 42. Rc1 Rg5 43. e4 Rb6 44. Bd5 Bd6 45. a5 Ra6 46. Bb7 1-0

[Event "Chrudim op"]
[Site "Chrudim"]
[Date "2001.??.??"]
[Round "?"]
[White "Pise, Jan"]
[Black "Ratolistka, Josef"]
[Result "1/2-1/2"]
[WhiteElo "2005"]
[BlackElo "2135"]
[PlyCount "24"]
[EventDate "2001.??.??"]
[EventType "swiss"]
[EventRounds "9"]
[EventCountry "CZE"]
[SourceTitle "EXT 2003"]
[Source "ChessBase"]
[SourceDate "2002.11.25"]
[SourceVersion "1"]
[SourceVersionDate "2002.11.25"]
[SourceQuality "1"]

1. d4 d5 2. Bg5 c5 3. e3 Qb6 4. b3 e6 5. c3 Nc6 6. Nf3 Bd6 7. Be2 Nge7 8. Bh4 Nf5 9. Bg3 Nxg3 10. hxg3 Bd7 11. 0-0 f6 12. Nbd2 cxd4 1/2-1/2